Islamic astronomy and geography (Record no. 138315)

MARC details
000 -LEADER
fixed length control field 00747nam a2200241Ia 4500
003 - CONTROL NUMBER IDENTIFIER
control field OSt
005 - DATE AND TIME OF LATEST TRANSACTION
control field 20220918171213.0
008 - FIXED-LENGTH DATA ELEMENTS--GENERAL INFORMATION
fixed length control field 220917b |||||||| |||| 00| 0 eng d
020 ## - INTERNATIONAL STANDARD BOOK NUMBER
International Standard Book Number 978140944231 (hbk)
037 ## - SOURCE OF ACQUISITION
Terms of availability Textual
040 ## - CATALOGING SOURCE
Original cataloging agency ARTS
Transcribing agency ARTS
Language of cataloging eng
041 ## - LANGUAGE CODE
Source of code eng
Language code of text/sound track or separate title eng
100 ## - MAIN ENTRY--PERSONAL NAME
Personal name King David A
9 (RLIN) 34751
245 #0 - TITLE STATEMENT
Title Islamic astronomy and geography
260 ## - PUBLICATION, DISTRIBUTION, ETC.
Place of publication, distribution, etc. Surrey
Name of publisher, distributor, etc. Ashgate England
Date of publication, distribution, etc. 2012
650 ## - SUBJECT ADDED ENTRY--TOPICAL TERM
Topical term or geographic name entry element MATHEMATICS
9 (RLIN) 2141
942 ## - ADDED ENTRY ELEMENTS (KOHA)
Classification part B9(Q7)0aU, Q2
Koha item type Textual
Source of classification or shelving scheme Colon Classification (CC)
Holdings
Withdrawn status Lost status Damaged status Not for loan Home library Current library Date acquired Source of acquisition Cost, normal purchase price Total Checkouts Full call number Barcode Date last seen Cost, replacement price Price effective from Koha item type
        Arts Library Arts Library 2022-09-18 12094, 16/03/2015, Elite Publishers Distributors 9354.00   B9(Q7)0aU Q2 AL1572206 2022-09-18 9354.00 2022-09-18 Textual
Copyright @ Delhi University Library System